An outline of phanerozoic biogeography

Αποθηκεύτηκε σε:
Λεπτομέρειες βιβλιογραφικής εγγραφής
Κύριος συγγραφέας: Hallam, A. (Anthony) 1933-
Μορφή: Βιβλίο
Γλώσσα:English
Δημοσίευση: Oxford : Oxford University Press, 1994
Σειρά:Oxford biogeography series ; ; 10
Θέματα:
Ετικέτες: Προσθήκη ετικέτας
Δεν υπάρχουν, Καταχωρήστε ετικέτα πρώτοι!

MARC

LEADER 00000nam a2200000 i 4500
001 1/86142
008 990712s1994 eng d
020 |a 0-19-854060-4 
035 |l 10052012 
040 |a GR-MY-UA  |b gre  |e aacr 
041 0 |a eng 
082 0 |a 560.17 
100 1 |a Hallam, A.  |q (Anthony)  |d 1933- 
245 1 3 |a An outline of phanerozoic biogeography /  |c Anthony Hallam 
260 |a Oxford :   |b Oxford University Press,   |c 1994 
300 |a 246 p.;  |b fig.;  |c 24 cm. 
490 1 |a Oxford biogeography series  |v ; 10 
504 |a Includes bibliographical references and index 
650 0 0 |a Paleobiogeography. 
830 0 |a Oxford biogeography series ;  |v ; 10 
852 |a INST  |b LESVOS  |e 19990712  |h 560.17 HAL  |p 005100019886  |q 005100019886  |t BK  |y 0 
901 |a BIBL1-1999-2 
909 |a Λ  |b 062816 
922 |a 1ΕΛΗ  |b 199812  |c ΚΠΣ/ΤΓ  |d LEADER 
950 |a 118-1998-10-19 
970 |a ΜΟΥΣΤΑΚΑ  |b ΠΗΝΕΛΟΠΗ  |z 1999/07/13